000 00869nam a2200241 a 4500
001 000005410
005 20200929151653.0
008 090819s2001 es a 001 spa d
020 _a8400060334
040 _aDO-SdBNP
_bspa
_cBNPHU
082 _a821
_bF363c
100 1 _aFernández González, Vicente
_915360
245 1 3 _aLa ciudad de las ideas :
_bsobre la poesía de C. P. Cavafis y sus traducciones castellanas /
_cVicente Fernández González.
260 _aMadrid, :
_bConsejo superior de Investigaciones Científicas,
_c2001.
300 _a459 p. :
_bill
_a24 cm.
440 0 _aNueva Roma
_v13
_915353
500 _aIncluye referencias bibliográficas y notas al pie de las páginas
500 _aIncluye tabla de contenido
650 4 _aPoesia inglesa
_96807
650 4 _aLiteratura inglesa
_9498
830 0 _aNueva Roma
_n13
_915361
049 _aEn proceso
999 _c5210
_d5210